| 000 | 00630nam a22001337a 4500 | ||
|---|---|---|---|
| 040 | _cRUA | ||
| 082 | _aAGR CHH 2009 B042 Or.1 | ||
| 100 | _aCHHIN, THARY. | ||
| 245 | _arainy season rice production technique of farmers at baty district, takeo province ( បច្ចេកទេសដំាដុះដំណាំស្រូវរដូវវស្សារបស់កសិករស្រុកបាទី ខេត្តតាកែវ) | ||
| 260 |
_aPhnom Penh _bRUA _c2009 |
||
| 300 |
_axiii, 51p. _bill. _c29cm. |
||
| 856 | _uhttps://drive.google.com/file/d/1ORb73o5k329x1UHwhaXIJvFb9XWEA4g1/view?usp=sharing | ||
| 942 | _cAGR | ||
| 999 |
_c956 _d956 |
||